<?xml version="1.0" encoding="UTF-8"?>
<record
    xmlns:xsi="http://www.w3.org/2001/XMLSchema-instance"
    xsi:schemaLocation="http://www.loc.gov/MARC21/slim http://www.loc.gov/standards/marcxml/schema/MARC21slim.xsd"
    xmlns="http://www.loc.gov/MARC21/slim">

  <leader>03690nam a22007217a 4500</leader>
  <controlfield tag="005">20240514090942.0</controlfield>
  <controlfield tag="008">240513b        sp ||||| |||| 00| 0 spa d</controlfield>
  <datafield tag="050" ind1="0" ind2="4">
    <subfield code="a">PN1995.9.D6</subfield>
    <subfield code="b">L84 2004</subfield>
  </datafield>
  <datafield tag="245" ind1="0" ind2="0">
    <subfield code="a">Lugares de leyenda</subfield>
    <subfield code="b"> : paseo por el patrimonio</subfield>
    <subfield code="c"> / Director: Manuel Garc&#xED;a P&#xED;riz ;  Escritor: Javier Fern&#xE1;ndez de Castro;  Productor: David Fdez. de Castro Az&#xFA;a</subfield>
  </datafield>
  <datafield tag="260" ind1=" " ind2=" ">
    <subfield code="a">Espa&#xF1;a : </subfield>
    <subfield code="b">Barsa planeta; </subfield>
    <subfield code="b">UNESCO, </subfield>
    <subfield code="c">2004-</subfield>
  </datafield>
  <datafield tag="300" ind1=" " ind2=" ">
    <subfield code="a">5 videos DVD ; </subfield>
    <subfield code="c">4 3/4 pulgadas</subfield>
  </datafield>
  <datafield tag="505" ind1=" " ind2=" ">
    <subfield code="t">V.14 : Sitios declarados en 2002, Tokaj, Sta. Catalina, Templo de Mahabodhi, Calakmul, Reserva Marina de la Isla del Coco--</subfield>
    <subfield code="t">V.15 : Sitios declarados en 2003, Monte San Giorgio, Tel-Aviv, Montes Matobo, Mapungubwe, Ciudad de Panam&#xE1;, Valparaiso-- </subfield>
    <subfield code="t">V.16 : Sitios declarados en 2004, Tumbas Ming y Qing, Guanacaste, Bremen, Valle del Madriu-Perafita-Claror, Tumba de los Askia, Isla Gough, Decani-- </subfield>
    <subfield code="t">V.17 :  Sitios declarados en 2005, Obras de Antoni Gaud&#xED;, La Havre, Yaroslavl, Puente de Mostar, El Valle de las Flores, Pampa Salitrera de Chile-- </subfield>
    <subfield code="t">V.18 : Sitios declarados en 2006, Puente de Vizcaya, Behistun, Malpelo, Ratisbona y Stadtamhof, Los Aflaj, Ciudad minera de Sewell. </subfield>
  </datafield>
  <datafield tag="508" ind1=" " ind2=" ">
    <subfield code="a">productor ejecutivo: Gianni Kail, Luca Greguoli ; responsable editorial: Roberto Agostini ; fotograf&#xED;a: Gianluca Bucci, </subfield>
  </datafield>
  <datafield tag="511" ind1=" " ind2=" ">
    <subfield code="a">locutores: Carles M. Davo (castellano), Mathew Tree (English), Joao Carlos Piroto (Portugu&#xE9;s).</subfield>
  </datafield>
  <datafield tag="518" ind1=" " ind2=" ">
    <subfield code="a">Monte San Giorgio, Suiza ; </subfield>
  </datafield>
  <datafield tag="518" ind1=" " ind2=" ">
    <subfield code="a">Tel-Aviv, Israel ; </subfield>
  </datafield>
  <datafield tag="518" ind1=" " ind2=" ">
    <subfield code="a">Montes Matobo, Zimbabue ; </subfield>
  </datafield>
  <datafield tag="518" ind1=" " ind2=" ">
    <subfield code="a">Mapungubwe, Limpopo Sudafrica ; </subfield>
  </datafield>
  <datafield tag="518" ind1=" " ind2=" ">
    <subfield code="a">Ciudad de Panam&#xE1; ; </subfield>
  </datafield>
  <datafield tag="518" ind1=" " ind2=" ">
    <subfield code="a">Valparaiso, Chile ; </subfield>
  </datafield>
  <datafield tag="518" ind1=" " ind2=" ">
    <subfield code="a">Tokaj, Hungr&#xED;a ; </subfield>
  </datafield>
  <datafield tag="518" ind1=" " ind2=" ">
    <subfield code="a">Sta. Catalina, Egipto ; </subfield>
  </datafield>
  <datafield tag="518" ind1=" " ind2=" ">
    <subfield code="a">Templo de Mahabodhi, India ; </subfield>
  </datafield>
  <datafield tag="518" ind1=" " ind2=" ">
    <subfield code="a">Calakmul, M&#xE9;xico ; </subfield>
  </datafield>
  <datafield tag="518" ind1=" " ind2=" ">
    <subfield code="a">Reserva Marina de la Isla del Coco, Costa Rica ; </subfield>
  </datafield>
  <datafield tag="518" ind1=" " ind2=" ">
    <subfield code="a">Tumbas Ming y Qing, China ; </subfield>
  </datafield>
  <datafield tag="518" ind1=" " ind2=" ">
    <subfield code="a">Guanacaste, Costa Rica ; </subfield>
  </datafield>
  <datafield tag="518" ind1=" " ind2=" ">
    <subfield code="a">Bremen, Alemania </subfield>
  </datafield>
  <datafield tag="518" ind1=" " ind2=" ">
    <subfield code="a">Valle del Madriu-Perafita-Claror, Andorra ; </subfield>
  </datafield>
  <datafield tag="518" ind1=" " ind2=" ">
    <subfield code="a">Tumba de los Askia, Mal&#xED; ; </subfield>
  </datafield>
  <datafield tag="518" ind1=" " ind2=" ">
    <subfield code="a">Isla Gough, Reino Unido ; </subfield>
  </datafield>
  <datafield tag="518" ind1=" " ind2=" ">
    <subfield code="a">Decani, Serbia y Montenegro ; </subfield>
  </datafield>
  <datafield tag="518" ind1=" " ind2=" ">
    <subfield code="a">Obras de Antoni Gaud&#xED;, Espa&#xF1;a ; </subfield>
  </datafield>
  <datafield tag="518" ind1=" " ind2=" ">
    <subfield code="a">La Havre, Francia ; </subfield>
  </datafield>
  <datafield tag="518" ind1=" " ind2=" ">
    <subfield code="a">Centro hist&#xF3;rico de Yaroslavl, Federaci&#xF3;n de Rusia ; </subfield>
  </datafield>
  <datafield tag="518" ind1=" " ind2=" ">
    <subfield code="a">Puente de Mostar, Federaci&#xF3;n de Bosnia y Herzegovina ; </subfield>
  </datafield>
  <datafield tag="518" ind1=" " ind2=" ">
    <subfield code="a">El Valle de las Flores, India ; </subfield>
  </datafield>
  <datafield tag="518" ind1=" " ind2=" ">
    <subfield code="a">Pampa Salitrera, Chile ; </subfield>
  </datafield>
  <datafield tag="518" ind1=" " ind2=" ">
    <subfield code="a">Puente de Vizcaya, Espa&#xF1;a ; </subfield>
  </datafield>
  <datafield tag="518" ind1=" " ind2=" ">
    <subfield code="a">Behistun, Rep&#xFA;blica Isl&#xE1;mica de Ir&#xE1;n ; </subfield>
  </datafield>
  <datafield tag="518" ind1=" " ind2=" ">
    <subfield code="a">Malpelo, Colombia ; </subfield>
  </datafield>
  <datafield tag="518" ind1=" " ind2=" ">
    <subfield code="a">Ratisbona y Stadtamhof, Alemania ; </subfield>
  </datafield>
  <datafield tag="518" ind1=" " ind2=" ">
    <subfield code="a">Los Aflaj, Om&#xE1;n ; </subfield>
  </datafield>
  <datafield tag="518" ind1=" " ind2=" ">
    <subfield code="a">Ciudad minera de Sewell, Chile.</subfield>
  </datafield>
  <datafield tag="520" ind1=" " ind2=" ">
    <subfield code="a">Es una colecci&#xF3;n de reportajes sobre los sitios declarados como Patrimonio Cultural de la Humanidad por la Unesco.</subfield>
  </datafield>
  <datafield tag="521" ind1=" " ind2=" ">
    <subfield code="a">Todo publico </subfield>
  </datafield>
  <datafield tag="538" ind1=" " ind2=" ">
    <subfield code="a">Formato DVD</subfield>
  </datafield>
  <datafield tag="546" ind1=" " ind2=" ">
    <subfield code="a">Castellano</subfield>
  </datafield>
  <datafield tag="546" ind1=" " ind2=" ">
    <subfield code="a">Ingles</subfield>
  </datafield>
  <datafield tag="546" ind1=" " ind2=" ">
    <subfield code="a">Portugu&#xE9;s</subfield>
  </datafield>
  <datafield tag="650" ind1=" " ind2="7">
    <subfield code="2">lemb</subfield>
    <subfield code="a">Patrimonio Cultural de la Humanidad</subfield>
    <subfield code="x">Monumentos</subfield>
    <subfield code="v">Documental </subfield>
  </datafield>
  <datafield tag="700" ind1="1" ind2=" ">
    <subfield code="a">Garc&#xED;a P&#xED;riz, Manuel, </subfield>
    <subfield code="e">director</subfield>
  </datafield>
  <datafield tag="700" ind1="1" ind2=" ">
    <subfield code="a">Fern&#xE1;ndez de Castro, Javier, </subfield>
    <subfield code="e">escritor</subfield>
  </datafield>
  <datafield tag="700" ind1="1" ind2=" ">
    <subfield code="a">Fdez. de Castro Az&#xFA;a, David, </subfield>
    <subfield code="e">productor</subfield>
  </datafield>
  <datafield tag="700" ind1="1" ind2=" ">
    <subfield code="a">Kail, Gianni, </subfield>
    <subfield code="e">productor ejecutivo</subfield>
  </datafield>
  <datafield tag="700" ind1="1" ind2=" ">
    <subfield code="a">Greguoli, Luca,</subfield>
    <subfield code="e">productor ejecutivo</subfield>
  </datafield>
  <datafield tag="700" ind1="1" ind2=" ">
    <subfield code="a">Agostini, Roberto, </subfield>
    <subfield code="e">responsable editorial</subfield>
  </datafield>
  <datafield tag="700" ind1="1" ind2=" ">
    <subfield code="a"> Bucci, Gianluca, </subfield>
    <subfield code="e">fotograf&#xED;a</subfield>
  </datafield>
  <datafield tag="700" ind1="1" ind2=" ">
    <subfield code="a">Davo, Carles M., </subfield>
    <subfield code="e">locutor</subfield>
  </datafield>
  <datafield tag="700" ind1="1" ind2=" ">
    <subfield code="a">Tree, Mathew, </subfield>
    <subfield code="e">locutor</subfield>
  </datafield>
  <datafield tag="700" ind1="1" ind2=" ">
    <subfield code="a">Piroto, Joao Carlos, </subfield>
    <subfield code="e">locutor</subfield>
  </datafield>
  <datafield tag="942" ind1=" " ind2=" ">
    <subfield code="2">lcc</subfield>
    <subfield code="c">PEL</subfield>
  </datafield>
  <datafield tag="999" ind1=" " ind2=" ">
    <subfield code="c">170233</subfield>
    <subfield code="d">170231</subfield>
  </datafield>
  <datafield tag="952" ind1=" " ind2=" ">
    <subfield code="0">0</subfield>
    <subfield code="1">0</subfield>
    <subfield code="2">lcc</subfield>
    <subfield code="4">0</subfield>
    <subfield code="7">0</subfield>
    <subfield code="a">INV-033</subfield>
    <subfield code="b">INV-033</subfield>
    <subfield code="c">MA</subfield>
    <subfield code="d">2024-05-13</subfield>
    <subfield code="e">DON</subfield>
    <subfield code="h">V: 14</subfield>
    <subfield code="l">0</subfield>
    <subfield code="o">PN1995.9.D6 L84 2004</subfield>
    <subfield code="p">IIH000036362</subfield>
    <subfield code="r">2024-05-13 16:00:38</subfield>
    <subfield code="t">1</subfield>
    <subfield code="w">2024-05-13</subfield>
    <subfield code="y">PEL</subfield>
  </datafield>
  <datafield tag="952" ind1=" " ind2=" ">
    <subfield code="0">0</subfield>
    <subfield code="1">0</subfield>
    <subfield code="2">lcc</subfield>
    <subfield code="4">0</subfield>
    <subfield code="7">0</subfield>
    <subfield code="a">INV-033</subfield>
    <subfield code="b">INV-033</subfield>
    <subfield code="c">MA</subfield>
    <subfield code="d">2024-05-14</subfield>
    <subfield code="e">DON</subfield>
    <subfield code="h">V: 15</subfield>
    <subfield code="l">0</subfield>
    <subfield code="o">PN1995.9.D6 L84 2005</subfield>
    <subfield code="p">IIH000036363</subfield>
    <subfield code="r">2024-05-14 09:55:51</subfield>
    <subfield code="t">1</subfield>
    <subfield code="w">2024-05-14</subfield>
    <subfield code="y">PEL</subfield>
  </datafield>
  <datafield tag="952" ind1=" " ind2=" ">
    <subfield code="0">0</subfield>
    <subfield code="1">0</subfield>
    <subfield code="2">lcc</subfield>
    <subfield code="4">0</subfield>
    <subfield code="7">0</subfield>
    <subfield code="a">INV-033</subfield>
    <subfield code="b">INV-033</subfield>
    <subfield code="c">MA</subfield>
    <subfield code="d">2024-05-14</subfield>
    <subfield code="e">DON</subfield>
    <subfield code="h">V: 16</subfield>
    <subfield code="l">0</subfield>
    <subfield code="o">PN1995.9.D6 L84 2006</subfield>
    <subfield code="p">IIH000036364</subfield>
    <subfield code="r">2024-05-14 09:59:33</subfield>
    <subfield code="t">1</subfield>
    <subfield code="w">2024-05-14</subfield>
    <subfield code="y">PEL</subfield>
  </datafield>
  <datafield tag="952" ind1=" " ind2=" ">
    <subfield code="0">0</subfield>
    <subfield code="1">0</subfield>
    <subfield code="2">lcc</subfield>
    <subfield code="4">0</subfield>
    <subfield code="7">0</subfield>
    <subfield code="a">INV-033</subfield>
    <subfield code="b">INV-033</subfield>
    <subfield code="c">MA</subfield>
    <subfield code="d">2024-05-14</subfield>
    <subfield code="e">DON</subfield>
    <subfield code="h">V: 17</subfield>
    <subfield code="l">0</subfield>
    <subfield code="o">PN1995.9.D6 L84 2006</subfield>
    <subfield code="p">IIH000036365</subfield>
    <subfield code="r">2024-05-14 10:02:33</subfield>
    <subfield code="t">1</subfield>
    <subfield code="w">2024-05-14</subfield>
    <subfield code="y">PEL</subfield>
  </datafield>
  <datafield tag="952" ind1=" " ind2=" ">
    <subfield code="0">0</subfield>
    <subfield code="1">0</subfield>
    <subfield code="2">lcc</subfield>
    <subfield code="4">0</subfield>
    <subfield code="7">0</subfield>
    <subfield code="a">INV-033</subfield>
    <subfield code="b">INV-033</subfield>
    <subfield code="c">MA</subfield>
    <subfield code="d">2024-05-14</subfield>
    <subfield code="e">DON</subfield>
    <subfield code="h">V: 18</subfield>
    <subfield code="l">0</subfield>
    <subfield code="o">PN1995.9.D6 L84 2007</subfield>
    <subfield code="p">IIH000036366</subfield>
    <subfield code="r">2024-05-14 10:06:10</subfield>
    <subfield code="t">1</subfield>
    <subfield code="w">2024-05-14</subfield>
    <subfield code="y">PEL</subfield>
  </datafield>
</record>
